000 00667nam a2200217Ii 4500
003 JO-AjNU
008 230606s9999||||xx |||||||||||||| ||und||
020 _a0-13-982927-x
040 _aJO-AjNU
_beng
_erda
_cJO-AjNU
041 _aeng
050 1 4 _aHF5657.4 .A873 1999
100 3 _aAtrill,Peter/ Mclaney,Eddie,
_eauthor
_93072
245 0 0 _aManagement Accounting for Non - Specialists
250 _a2 ed
264 3 1 _aLondon: Prentice-Hall Europe, 1999
300 _a382p
_b Includes indexes(p378-382)
336 _atext
_btxt
_2rdacontent
337 _aunmediated
_bn
_2rdamedia
338 _avolume
_bnc
_2rdacarrier
650 4 _aManagement Accounting
_93073
999 _aE1611
_c1611
_d1611